000 00311nam a22001337a 4500
008 170913b xxu||||| |||| 00| 0 eng d
020 _a9781305259829
041 _aeng
080 _214TH
_a53
100 _a43
101 _aFIZ
245 _aAN INTRODUCTION TO PHYSICAL SCIENCE
_cSHIPMAN,J.T
942 _2udc
_cBK
999 _c27477
_d27477